000 00560nam a2200181Ia 4500
001 2556
005 20260306144816.0
008 260306t2007||||xx |||||||||||||| ||spa||
041 _aESP
082 _a616.89142
_bJ54
100 _aJiménez V., Carlos Alberto
_eAUT
245 0 _aLudoterapias :
_bTerapias alternativas desde la neuropedagogía y la lúdica para trastornos del comportamiento, del desarrollo y del aprendizaje. ADD/ADHD
260 _c2007
300 _a216 páginas :
_c24 cm.
650 _aGEN
654 _aCPS
942 _cLIB
_dJUS
_fJUS
_2ddc
_n
999 _c2556
_d2556